000 00476nam a22001817a 4500
003 OSt
005 20180116183023.0
008 151126b xxu||||| |||| 00| 0 eng d
020 _a0
040 _c0
082 _a813.54 SLA 1977
100 _aIan Slater
245 _aFirespill
_bA High-Octane Inferno Raging Toward a Terrifying Climax on the Canadian Cost
_cIan Slater
260 _bFontana
_c1977
300 _a309 p.
_bPB
440 _aFirespill
942 _2ddc
_cBK
999 _c350648
_d350648